1863 1839 1538 1484 1323 1898 1561 1446 1972 1076 1369 1668 1277 1015 1539 1127 1664 1676 1289 1371 1284 1157 1843 1210 1009 1479 1549 1005 1243 1255 1340 1183 1348 1205 1018 1250 1845 1148 1009 1501 1645 1397 1127 1018 1424 1153 1656 1768 1195 1642 1549 1517 1298 1080 1023 1327 1561 1861 1127 1060 1152 1316 1550 1813 1058 1960 1346 1001 1142 1953 1663 1834 1004 1913 1574 1685 1186 1535 1085 1481 1803 1751 1918 1793 1833 1225 1026 1720 1754 1163 1605 1054 1849 1527 1939 1076 1449 1889 1579 BCNSPRNW ULIB Ver.6.0+V

เปลี่ยนเป็นภาษาไทย

Change to English
 แสดงรายละเอียดบรรณานุกรม
  กลับหน้าหลัก

Brief Record : Get Marc (ISO 2709) : E-mail record : QR code < ปิดหน้าต่าง
LEADER : 00000nam 2200000uu 4500
001    13399112294
003     ULIB
008    110627s2551||||th 000 0 tha d
020    9789741004942
090    นว.^bว153ก 2551
100 0  วชิราภา
245 00 กามเทพป่วนก๊วนสาวโสด/^cวชิราภา
250    พิมพ์ครั้งที่ 1
260    กรุงเทพฯ :^bมิตรสัมพันธ์กราฟฟิก,^c2551
300    391 หน้า
945    ^p245^l0^i023614
995    ทศพร
999 ^a ใช้งานได้ทุกระบบ
รายการนี้ยังไม่มีแท็ก
คุณยังไม่ได้ล็อกอิน คุณสามารถมีกิจกรรมร่วมกับเว็บไซต์ได้ แต่ต้องล็อกอินก่อน ::
  ล็อกอิน

รายการสื่อสารสนเทศ

ลำดับที่ ประเภท เลขเรียก/บาร์โค้ด สถานที่ สถานะ
- ไม่พบข้อมูล -

BibComment


ยังไม่เคยถูกคอมเมนท์

คอมเมนท์ทรัพยากรรายการนี้
  คอมเมนท์: กามเทพป่วนก๊วนสาว..


 Copyright 2026. Bcnsprnw @Library